Bonus Countries of the World Quiz - Statistics

General Stats
  • This quiz has been taken 2 times
  • The average score is 86 of 198
Answers on the Map
Answers color-coded by a green-red scale on the quiz's map according to % correct below.
 
Answer Stats
Country % Correct
Sealand
100%
Afghanistan
50%
Albania
50%
Algeria
50%
Andorra
50%
Angola
50%
Antigua and Barbuda
50%
Argentina
50%
Armenia
50%
Australia
50%
Austria
50%
Azerbaijan
50%
Bahamas
50%
Bahrain
50%
Bangladesh
50%
Belarus
50%
Belgium
50%
Belize
50%
Benin
50%
Bhutan
50%
Bolivia
50%
Bosnia and Herzegovina
50%
Brazil
50%
Brunei
50%
Bulgaria
50%
Cambodia
50%
Canada
50%
Central African Republic
50%
Chad
50%
Chile
50%
China
50%
Colombia
50%
Costa Rica
50%
Croatia
50%
Cuba
50%
Cyprus
50%
Czech Republic
50%
Democratic Republic of the Congo
50%
Denmark
50%
Dominica
50%
Dominican Republic
50%
East Timor
50%
Ecuador
50%
Egypt
50%
El Salvador
50%
Equatorial Guinea
50%
Eritrea
50%
Estonia
50%
Eswatini
50%
Ethiopia
50%
Federated States of Micronesia
50%
Fiji
50%
Finland
50%
France
50%
Gambia
50%
Georgia
50%
Germany
50%
Ghana
50%
Greece
50%
Guatemala
50%
Guinea
50%
Guyana
50%
Haiti
50%
Honduras
50%
Hungary
50%
Iceland
50%
India
50%
Indonesia
50%
Iran
50%
Iraq
50%
Ireland
50%
Israel
50%
Italy
50%
Jamaica
50%
Japan
50%
Jordan
50%
Kazakhstan
50%
Kosovo
50%
Kuwait
50%
Kyrgyzstan
50%
Laos
50%
Latvia
50%
Lebanon
50%
Lesotho
50%
Libya
50%
Liechtenstein
50%
Lithuania
50%
Luxembourg
50%
Madagascar
50%
Malaysia
50%
Maldives
50%
Mali
50%
Malta
50%
Marshall Islands
50%
Mauritania
50%
Mexico
50%
Moldova
50%
Monaco
50%
Mongolia
50%
Montenegro
50%
Morocco
50%
Mozambique
50%
Myanmar
50%
Nauru
50%
Nepal
50%
Netherlands
50%
New Zealand
50%
Nicaragua
50%
Niger
50%
Nigeria
50%
North Korea
50%
North Macedonia
50%
Norway
50%
Oman
50%
Pakistan
50%
Palau
50%
Panama
50%
Papua New Guinea
50%
Paraguay
50%
Peru
50%
Philippines
50%
Poland
50%
Portugal
50%
Qatar
50%
Republic of the Congo
50%
Romania
50%
Russia
50%
Rwanda
50%
Saint Vincent and the Grenadines
50%
Samoa
50%
San Marino
50%
São Tomé and Príncipe
50%
Saudi Arabia
50%
Senegal
50%
Serbia
50%
Singapore
50%
Slovakia
50%
Slovenia
50%
Solomon Islands
50%
Somalia
50%
South Africa
50%
South Korea
50%
South Sudan
50%
Spain
50%
Sri Lanka
50%
Sudan
50%
Suriname
50%
Sweden
50%
Switzerland
50%
Syria
50%
Taiwan
50%
Tajikistan
50%
Thailand
50%
Togo
50%
Trinidad and Tobago
50%
Tunisia
50%
Turkey
50%
Turkmenistan
50%
Uganda
50%
Ukraine
50%
United Arab Emirates
50%
United Kingdom
50%
United States
50%
Uruguay
50%
Uzbekistan
50%
Vatican City
50%
Venezuela
50%
Vietnam
50%
Yemen
50%
Zambia
50%
Zimbabwe
50%
Barbados
0%
Botswana
0%
Burkina Faso
0%
Burundi
0%
Cameroon
0%
Cape Verde
0%
Comoros
0%
Djibouti
0%
Gabon
0%
Grenada
0%
Guinea-Bissau
0%
Hиеуо
0%
Ivory Coast
0%
Kenya
0%
Kiribati
0%
Liberia
0%
Malawi
0%
Mauritius
0%
Namibia
0%
Saint Kitts and Nevis
0%
Saint Lucia
0%
Seychelles
0%
Sierra Leone
0%
Tanzania
0%
Tonga
0%
Tuvalu
0%
Vanuatu
0%
No matching quizzes found
Score Distribution
Percent of People with Each Score
Percentile by Number Answered
Your Score History
You have not taken this quiz